000 00716nam a2200205 a 4500
001 000002092
005 20200929145829.0
008 720330s1967 sp d 001 p spa
040 _aDO-SdBNP
_bspa
_cBNPHU
082 _a808.81
_bR758g
245 0 0 _aRomancero de Germaní :
_bantología /
_cselección y estudio preliminar de José Hesse.
260 _aMadrid :
_bTaurus,
_c1967.
300 _a175 p. ;
_c19 cm.
490 1 _aTemas de España
_v51
500 _aIncluye referencias bibliográficas y notas al pie de las páginas
650 4 _aPoesía española
_xColecciones
_y1500-1700.
_96735
650 4 _aLiteratura española
_9632
700 1 2 _aHesse, José,
_ecomp.
_96736
830 0 _aTemas de España ;
_n51
_96737
999 _c1952
_d1952